Chicken Soup for the soul find your happiness : (Record no. 675)

MARC details
000 -LEADER
fixed length control field 00912cam a22002894a 4500
005 - DATE AND TIME OF LATEST TRANSACTION
control field 20260322212029.0
008 - FIXED-LENGTH DATA ELEMENTS--GENERAL INFORMATION
fixed length control field data
010 ## - LIBRARY OF CONGRESS CONTROL NUMBER
LC control number 2011934312
020 ## - INTERNATIONAL STANDARD BOOK NUMBER
International Standard Book Number 9781935096771 (trade pbk. : alk. paper)
020 ## - INTERNATIONAL STANDARD BOOK NUMBER
International Standard Book Number 193509677X
040 ## - CATALOGING SOURCE
Original cataloging agency DLC
Transcribing agency DLC
042 ## - AUTHENTICATION CODE
Authentication code pcc
050 00 - LIBRARY OF CONGRESS CALL NUMBER
Classification number BF575.H27
Item number C36 2011
082 00 - DEWEY DECIMAL CLASSIFICATION NUMBER
Classification number 158
Edition information 23
092 ## - LOCALLY ASSIGNED DEWEY CALL NUMBER (OCLC)
Classification number 810.8 C36 2011
001 - CONTROL NUMBER
control field data
100 1# - MAIN ENTRY--PERSONAL NAME
Personal name Canfield, Jack,
Dates associated with a name 1944-
245 10 - TITLE STATEMENT
Title Chicken Soup for the soul find your happiness :
Remainder of title 101 stories about finding your purpose, passion, and joy /
Statement of responsibility, etc. Jack Canfield, Mark Victor Hansen & Amy Newmark.
246 3# - VARYING FORM OF TITLE
Title proper/short title Find your happiness
260 ## - PUBLICATION, DISTRIBUTION, ETC.
Place of publication, distribution, etc. Cos Cob, CT :
Name of publisher, distributor, etc. Chicken Soup for the Soul Pub.,
Date of publication, distribution, etc. 2011.
300 ## - PHYSICAL DESCRIPTION
Extent xvii, 380 p. ;
Dimensions 22 cm.
650 #0 - SUBJECT ADDED ENTRY--TOPICAL TERM
Topical term or geographic name entry element Happiness.
650 #0 - SUBJECT ADDED ENTRY--TOPICAL TERM
Topical term or geographic name entry element Happiness
Form subdivision Anecdotes.
650 #0 - SUBJECT ADDED ENTRY--TOPICAL TERM
Topical term or geographic name entry element Self-actualization (Psychology)
Form subdivision Anecdotes.
700 1# - ADDED ENTRY--PERSONAL NAME
Personal name Hansen, Mark Victor.
700 1# - ADDED ENTRY--PERSONAL NAME
Personal name Newmark, Amy.
Holdings
Withdrawn status Lost status Damaged status Not for loan Home library Current library Shelving location Date acquired Total checkouts Full call number Barcode Date last seen Price effective from Koha item type
        Centerville Centerville General stacks 22/03/2026   158 23 BC0010692 22/03/2026 22/03/2026 Books